Southville International School and Colleges
Your cart is empty.
  • Cart
  • Lists
    Public lists Eva Luna New books Lux_list list_1
    Your lists Log in to create your own lists
  • Log in to your account
  • Your cookies
  • Search history
Southville International School and Colleges
  • Advanced search
  • Recent comments
  • Most popular
  • Libraries

Log in to your account

Log in with GOOGLE


If you do not have an external account, but do have a local account, you can still log in:

  1. Home
  2. MARC view: Personality development and human relation :
Normal view MARC view ISBD view

Personality development and human relation : (Record no. 276921)

[ view plain ]
MARC details
000 -LEADER
fixed length control field 00914nam a2200205 a 4500
001 - CONTROL NUMBER
control field SSB057895
005 - DATE AND TIME OF LATEST TRANSACTION
control field 20141211083338.0
008 - FIXED-LENGTH DATA ELEMENTS--GENERAL INFORMATION
fixed length control field
020 ## - INTERNATIONAL STANDARD BOOK NUMBER
International Standard Book Number 9789710445295
050 ## - LIBRARY OF CONGRESS CALL NUMBER
Classification number BF 698
Item number .M27p 2008
100 ## - MAIN ENTRY--PERSONAL NAME
Personal name Magalona, Ethel.
245 #0 - TITLE STATEMENT
Title Personality development and human relation :
Remainder of title a practical approach /
Statement of responsibility, etc Ethel Magalona. M.A., Evelyn Salting-Sadsad, Ph.D.
260 ## - PUBLICATION, DISTRIBUTION, ETC. (IMPRINT)
Place of publication, distribution, etc Manila, Philippines :
Name of publisher, distributor, etc Mindshapers,
Date of publication, distribution, etc c2008.
300 ## - PHYSICAL DESCRIPTION
Extent 123 pages :
Other physical details illustrations ;
Dimensions 23 cm.
504 ## - BIBLIOGRAPHY, ETC. NOTE
Bibliography, etc Includes bibliographical references.
505 ## - FORMATTED CONTENTS NOTE
Formatted contents note Personality : nature, significance and characteristics -- Theories of personalities -- Physiological aspect of personality -- EMotional aspect of personality -- Moral and spiritual aspect of personality -- Social aspect of personality.
650 ## - SUBJECT ADDED ENTRY--TOPICAL TERM
Topical term or geographic name as entry element Personality.
650 ## - SUBJECT ADDED ENTRY--TOPICAL TERM
Topical term or geographic name as entry element Personality development.
942 ## - ADDED ENTRY ELEMENTS (KOHA)
Source of classification or shelving scheme Library of Congress Classification
Koha item type Books
Call number prefix Filipininana
Holdings
Withdrawn status Lost status Source of classification or shelving scheme Damaged status Home library Current library Shelving location Date acquired Source of acquisition Sub Shelving location Total Checkouts Total Renewals Full call number Barcode Date last seen Date checked out Price effective from Koha item type
    Library of Congress Classification   College Library College Library Filipiniana Section 12/11/2014 Library Fund   1 5 BF 698 .M27p 2008 C19024 05/08/2018 09/22/2017 12/11/2014 Books

Personality development and human relation :

APA

Magalona E., . (2008). Personality development and human relation. Manila, Philippines: Mindshapers.

Chicago

Magalona Ethel, . 2008. Personality development and human relation. Manila, Philippines: Mindshapers.

Harvard

Magalona E., . (2008). Personality development and human relation. Manila, Philippines: Mindshapers.

MLA

Magalona Ethel, . Personality development and human relation. Manila, Philippines: Mindshapers. 2008.

  • Place hold
  • Print
  • Cite
  • Add to your cart (remove)
  • Save record
    BIBTEX Dublin Core MARCXML MARC (non-Unicode/MARC-8) MARC (Unicode/UTF-8) MARC (Unicode/UTF-8, Standard) MODS (XML) RIS
  • More searches
    Search for this title in:
    Other Libraries (WorldCat) Other Databases (Google Scholar) Online Stores (Bookfinder.com) Open Library (openlibrary.org)

Exporting to Dublin Core...

SOUTHVILLE LIBRARY

Southville International School and Colleges Library

1281 Tropical Ave. Cor. Luxembourg St., BF Homes International, Las Pinas City

Tel. No. 8256374 / 252358 Loc. 117/146

Powered by Koha